000
00323nam a22001337a 4500
082
_a
894.812
_b
CHA/V
100
_a
CHACKO, CHEMMANAM
245
_a
VALLATHOL, KAVIYUM VYAKTHIYUM
260
_a
KOZHIKODE
_b
MARAR SAHITHY PRAKASAM
_c
1980
300
_a
119
520
_a
ABOUT VALLATHOL
650
_v
ABOUT VALLATHOL
942
_c
BK
999
_c
5404
_d
5404